Numeric Country Codes - Asia - Statistics

General Stats
  • This quiz has been taken 2 times
  • The average score is 11 of 48
Answer Stats
Country Alpha-3 Numeric % Correct
Afghanistan AFG 004
100%
Bahrain BHR 048
100%
Sri Lanka LKA 144
100%
Azerbaijan AZE 031
50%
Bangladesh BGD 050
50%
Armenia ARM 051
50%
Bhutan BTN 064
50%
Brunei BRN 096
50%
Myanmar MMR 104
50%
Cambodia KHM 116
50%
China CHN 156
50%
Taiwan TWN 158
50%
Georgia GEO 268
50%
Palestine PSE 275
50%
India IND 356
50%
Indonesia IDN 360
50%
Iran IRN 364
50%
Kuwait KWT 414
50%
Iraq IRQ 368
0%
Israel ISR 376
0%
Japan JPN 392
0%
Kazakhstan KAZ 398
0%
Jordan JOR 400
0%
North Korea PRK 408
0%
South Korea KOR 410
0%
Kyrgyzstan KGZ 417
0%
Laos LAO 418
0%
Lebanon LBN 422
0%
Malaysia MYS 458
0%
Maldives MDV 462
0%
Mongolia MNG 496
0%
Oman OMN 512
0%
Nepal NPL 524
0%
Pakistan PAK 586
0%
Philippines PHL 608
0%
East Timor TLS 626
0%
Qatar QAT 634
0%
Saudi Arabia SAU 682
0%
Singapore SGP 702
0%
Vietnam VNM 704
0%
Syria SYR 760
0%
Tajikistan TJK 762
0%
Thailand THA 764
0%
United Arab Emirates ARE 784
0%
Turkey TUR 792
0%
Turkmenistan TKM 795
0%
Uzbekistan UZB 860
0%
Yemen YEM 887
0%
No matching quizzes found
Score Distribution
Percent of People with Each Score
Percentile by Number Answered
Your Score History
You have not taken this quiz